The Ethics of War and Peace (DNT) (Record no. 589244)
[ view plain ]
| 000 -LEADER | |
|---|---|
| fixed length control field | 00465 a2200181 4500 |
| 003 - CONTROL NUMBER IDENTIFIER | |
| control field | Nust |
| 005 - DATE AND TIME OF LATEST TRANSACTION | |
| control field | 20220420104954.0 |
| 038 ## - RECORD CONTENT LICENSOR | |
| Staff Name | Muhammad Ibrahim |
| 040 ## - CATALOGING SOURCE | |
| Transcribing agency | Nust |
| 082 ## - DEWEY DECIMAL CLASSIFICATION NUMBER | |
| Classification number | 355.297 |
| Author Mark | FRO 2013 |
| 100 ## - MAIN ENTRY--PERSONAL NAME | |
| Personal name | Frowe, Helen |
| 9 (RLIN) | 91060 |
| 245 ## - TITLE STATEMENT | |
| Title | The Ethics of War and Peace (DNT) |
| Remainder of title | An Introduction |
| Statement of responsibility, etc. | Helen Frowe |
| 260 ## - PUBLICATION, DISTRIBUTION, ETC. | |
| Place of publication, distribution, etc. | Services Book Club |
| Name of publisher, distributor, etc. | Rawalpindi |
| Date of publication, distribution, etc. | 2013 |
| 300 ## - PHYSICAL DESCRIPTION | |
| Extent | 244 p |
| 563 ## - BINDING INFORMATION | |
| Binding note | P.B |
| 650 ## - SUBJECT ADDED ENTRY--TOPICAL TERM | |
| Topical term or geographic name entry element | Ethics of War |
| 9 (RLIN) | 91061 |
| 942 ## - ADDED ENTRY ELEMENTS (KOHA) | |
| Source of classification or shelving scheme | |
| Koha item type | Book |
| Withdrawn status | Lost status | Source of classification or shelving scheme | Damaged status | Not for loan | Permanent Location | Current Location | Shelving location | Date acquired | Total Checkouts | Full call number | Barcode | Date last seen | Date last checked out | Price effective from | Koha item type |
|---|---|---|---|---|---|---|---|---|---|---|---|---|---|---|---|
| Centre for International Peace & Stability (CIPS) | Centre for International Peace & Stability (CIPS) | General Stacks | 04/14/2022 | 1 | 355.297 FRO 2013 | CIPSD0000688 | 06/10/2022 | 05/20/2022 | 04/20/2022 | Book |
